Billy Joel Lyrics Quiz (Part 63) - Statistics

General Stats
  • This quiz has been taken 50 times
  • The average score is 113 of 215
Answer Stats
Answer % Correct
a
95%
I
95%
the
93%
an
91%
it
80%
be
77%
is
77%
you
77%
And
75%
and
75%
go
75%
in
75%
me
73%
hear
70%
love
70%
they
70%
I’m
68%
to
68%
for
66%
my
64%
my,
64%
of
64%
So
64%
so
64%
it’s
61%
what
61%
your
61%
all
59%
don’t
59%
If
59%
if
59%
I’ll
59%
say
59%
that
59%
are
57%
But
57%
Too
57%
too
57%
been
55%
I’ve
55%
see
55%
will
55%
can’t
52%
have
52%
know
52%
goin’
50%
just
48%
take
45%
way
43%
‘Cause
41%
’cause
41%
life
41%
oh
41%
Oh
41%
tell
41%
bed,
39%
die
39%
Gonna
39%
gonna
39%
Make
39%
seen
39%
waiting
39%
always
36%
away
36%
need
36%
come,
34%
givin’
34%
much
34%
Though
34%
today
34%
today,
34%
tomorrow
34%
Tomorrow
34%
far
32%
hopin’
32%
saw
32%
sure
32%
use
32%
what’s
32%
care
30%
dreams
30%
keep
30%
late,
30%
lie
30%
over
30%
People
30%
seems
30%
sleep
30%
stay
30%
yesterday
30%
although
27%
answer
27%
feeling
27%
feels
27%
giving
27%
hour
27%
livin’
27%
lot
27%
moment
27%
Still
27%
still
27%
change
25%
pass
25%
Soon
25%
afraid
23%
believe
23%
damn
23%
deliver
23%
dreaming
23%
Nothing
23%
ride
23%
river
23%
sick
23%
sweeter
23%
comes
20%
leavin’
20%
Lord
20%
passing
20%
play
20%
anyway
18%
enough
18%
hands
18%
morning
18%
someday
18%
listen
16%
living
16%
singing
11%
No matching quizzes found
Score Distribution
Percent of People with Each Score
Percentile by Number Answered
Your Score History
You have not taken this quiz